| 000 | 00638nam a2200217Ia 4500 | ||
|---|---|---|---|
| 005 | 20250923145950.0 | ||
| 008 | 008 250917s9999 xx 000 0 eng d | ||
| 037 | _aTextual | ||
| 040 |
_aDSWL _beng _cDSWL |
||
| 041 |
_aeng _2eng |
||
| 084 |
_aXM.2' N80 <-- N54, N97 _qDSWL |
||
| 100 |
_aJain, L.C. _9840804 |
||
| 245 | 0 |
_aIn the Wake of Freedom : India's Tryst with Cooperatives _c by L.C. Jain |
|
| 260 |
_aNew Delhi _bC.P. Company _c1997 |
||
| 300 | _a429 p. | ||
| 365 | _bGift | ||
| 700 |
_a K. Coelho _9840805 |
||
| 925 | _gGift | ||
| 942 |
_cTEXL _hXM.2' N80 <-- N54, N97 |
||
| 999 |
_c1457909 _d1457909 |
||